|
|
|
|
| LEADER |
01111nam a2200301 a 4500 |
| 001 |
14166641 |
| 008 |
120620s2002 bg bs 000 0 eng |
| 010 |
|
|
|a 2005386605
|
| 020 |
|
|
|a 9843114167
|
| 040 |
|
|
|a DLC
|c DLC
|d BD-DhAAL
|
| 042 |
|
|
|a lcode
|
| 043 |
|
|
|a a-bg---
|
| 050 |
0 |
0 |
|a HG3290.6.A8
|b G72783 2002
|
| 082 |
0 |
0 |
|a 332.1/095492
|2 22
|
| 245 |
0 |
0 |
|a Early impact of Grameen, a multi-dimensional analysis :
|b outcome of a BIDS research study /
|c Atiur Rahman ... [et al.].
|
| 260 |
|
|
|a Dhaka :
|b Grameen Trust,
|c c2002.
|
| 300 |
|
|
|a xvi, 330 p. ;
|c 25 cm.
|
| 500 |
|
|
|a Includes statistical tables.
|
| 504 |
|
|
|a Includes bibliogrphical references.
|
| 541 |
|
|
|e 00025440
|
| 610 |
2 |
0 |
|a Grameen Bank
|x History.
|
| 650 |
|
0 |
|a Rural poor
|z Bangladesh.
|
| 650 |
|
0 |
|a Microfinance
|z Bangladesh.
|
| 700 |
1 |
|
|a Rahman, Atiur,
|d 1951-
|
| 710 |
2 |
|
|a Bangladesh Institute of Development Studies.
|
| 852 |
1 |
|
|a Ayesha Abed Library
|c General shelf.
|
| 999 |
|
|
|c 12411
|d 12411
|
| 952 |
|
|
|0 0
|1 0
|2 ddc
|4 0
|6 332_109549200000000_EAR
|7 0
|9 20541
|a JPGSPH
|b JPGSPH
|d 2012-06-20
|l 0
|o 332.1095492 EAR
|p 3060025440
|r 2012-06-20
|t 1
|w 2012-06-20
|y BK
|